Recollecting from the past (Record no. 16182)
[ view plain ]
| 000 -LEADER | |
|---|---|
| fixed length control field | 00980nam a22002177a 4500 |
| 008 - FIXED-LENGTH DATA ELEMENTS--GENERAL INFORMATION | |
| fixed length control field | 161010b xxu||||| |||| 00| 0 eng d |
| 020 ## - INTERNATIONAL STANDARD BOOK NUMBER | |
| International Standard Book Number | 0819565008 |
| 040 ## - CATALOGING SOURCE | |
| Original cataloging agency | KABU |
| Transcribing agency | KABU |
| 050 ## - LIBRARY OF CONGRESS CALL NUMBER | |
| Classification number | ML3760 |
| Item number | .E46 2002 C.1 |
| 100 ## - MAIN ENTRY--PERSONAL NAME | |
| Personal name | Emoff, Ron |
| 245 ## - TITLE STATEMENT | |
| Title | Recollecting from the past |
| Remainder of title | Musical practice and spirit possession on the East coast of Madagascar |
| Statement of responsibility, etc. | by Ron Emoff |
| 260 ## - PUBLICATION, DISTRIBUTION, ETC. (IMPRINT) | |
| Place of publication, distribution, etc. | USA |
| Name of publisher, distributor, etc. | Wesleyan university press |
| Date of publication, distribution, etc. | 2002 |
| 300 ## - PHYSICAL DESCRIPTION | |
| Extent | xv, 240 p. |
| 650 ## - SUBJECT ADDED ENTRY--TOPICAL TERM | |
| Source of heading or term | Folk music |
| General subdivision | History and criticism |
| Geographic subdivision | Madagascar |
| -- | Toamasina (province) |
| 650 ## - SUBJECT ADDED ENTRY--TOPICAL TERM | |
| Source of heading or term | Betsimisaraka (Malagasy people) |
| Form subdivision | Music |
| Geographic subdivision | Toamasina (province) |
| 650 ## - SUBJECT ADDED ENTRY--TOPICAL TERM | |
| Source of heading or term | Antandroy (Malagasy people) |
| General subdivision | Music |
| Geographic subdivision | Toamasina (province) |
| 650 ## - SUBJECT ADDED ENTRY--TOPICAL TERM | |
| Source of heading or term | Betsimisaraka (Malagasy people) |
| Form subdivision | Rites and ceremonies |
| Geographic subdivision | Toamasina (province) |
| 650 ## - SUBJECT ADDED ENTRY--TOPICAL TERM | |
| Source of heading or term | Spirit possession |
| Geographic subdivision | Madagascar |
| -- | Toamasina (province) |
| 650 ## - SUBJECT ADDED ENTRY--TOPICAL TERM | |
| Source of heading or term | Toamasina (Madagascar:province) |
| Form subdivision | Religious life and customs |
| 942 ## - ADDED ENTRY ELEMENTS (KOHA) | |
| Source of classification or shelving scheme | Library of Congress Classification |
| Koha item type | General Collection |
| Classification part | ML3760 .E46 2002 C.1 |
| Withdrawn status | Lost status | Source of classification or shelving scheme | Not for loan | Home library | Current library | Shelving location | Date acquired | Cost, normal purchase price | Total Checkouts | Full call number | Barcode | Date last seen | Copy number | Price effective from | Koha item type |
|---|---|---|---|---|---|---|---|---|---|---|---|---|---|---|---|
| Library of Congress Classification | Kabarak, Main Campus | Kabarak, Main Campus | General Stacks | 10/10/2016 | 2472.88 | ML3760 .E46 2002 C.1 | 026937 | 10/10/2016 | C.1 | 10/10/2016 | General Collection |